000 00408nam a2200181Ia 4500
001 14348
005 20260306164907.0
008 260306t2001||||xx |||||||||||||| ||spa||
041 _aESP
082 _a512.5
_bB85
100 _aBru, Rafael
_eAUT
245 0 _aÁlgebra Lineal
260 _c2001
300 _axi, 588 páginas :
_c23 cm.
650 _aGEN
654 _aCMA
942 _cLIB
_dJUS
_fJUS
_2ddc
_n
999 _c14348
_d14348